[Event "4NCL Division 3"]
[Site "Puma Hotel, Hinckley Island E"]
[Date "2013.05.04"]
[Round "9.226"]
[White "Portman, Carl"]
[Black "Cairns, Stephen"]
[Result "1-0"]
[WhiteElo "1942"]
[BlackElo "2041"]
[PlyCount "57"]
[EventDate "2013.03.23"]
[Source "J.Saunders"]
[SourceDate "1998.06.06"]

1. Nf3 d5 2. d4 Nf6 3. g3 g6 4. Bg2 Bg7 5. c4 c6 6. Nc3 dxc4 7. a4 a5 8. e4
Nbd7 9. Qe2 Nb6 10. h3 O-O 11. O-O Nfd7 12. Rd1 Qc7 13. e5 Nb8 14. Bf4 Be6 15.
Ng5 Na6 16. Nxe6 fxe6 17. Qg4 Qd7 18. Ne4 Nd5 19. Bd2 Ndb4 20. Ng5 Nc2 21. Nxh7
Rf7 22. Ng5 Rf5 23. Be4 Nxd4 24. Be3 c5 25. Bxf5 exf5 26. Qh4 Qc6 27. Bxd4 cxd4
28. Rxd4 Rc8 29. Rad1 1-0

[Event "4NCL Division 3"]
[Site "Puma Hotel, Hinckley Island E"]
[Date "2013.05.04"]
[Round "9.227"]
[White "Foster, James J"]
[Black "Jackson, Gary C"]
[Result "0-1"]
[WhiteElo "2081"]
[BlackElo "1901"]
[PlyCount "70"]
[EventDate "2013.03.23"]
[Source "J.Saunders"]
[SourceDate "1998.06.06"]

1. c4 c5 2. Nc3 Nc6 3. g3 g6 4. Bg2 Bg7 5. e4 d6 6. Nge2 Nf6 7. d3 a6 8. O-O
Rb8 9. f4 Bd7 10. Be3 b5 11. cxb5 axb5 12. h3 b4 13. Na4 O-O 14. e5 Ne8 15. d4
c4 16. b3 Na5 17. Nb2 c3 18. Nc4 Bb5 19. Nxa5 Qxa5 20. Qc2 Qa6 21. Nc1 Bxf1 22.
Bxf1 Qa3 23. Nd3 Nc7 24. Bc1 Qa7 25. Be3 dxe5 26. Nxe5 Bxe5 27. fxe5 Nd5 28.
Bf2 Qa3 29. e6 fxe6 30. Qe4 Rf6 31. Bc4 Qb2 32. Rf1 Rbf8 33. Bxd5 exd5 34. Qxe7
c2 35. Qc5 c1=Q 0-1

[Event "4NCL Division 3"]
[Site "Puma Hotel, Hinckley Island E"]
[Date "2013.05.04"]
[Round "9.228"]
[White "Price, Andrew"]
[Black "James, Stephen B"]
[Result "1-0"]
[WhiteElo "1861"]
[BlackElo "2030"]
[PlyCount "85"]
[EventDate "2013.03.23"]
[Source "J.Saunders"]
[SourceDate "1998.06.06"]

1. d4 Nf6 2. Nf3 g6 3. g3 Bg7 4. Bg2 O-O 5. O-O d6 6. c3 c6 7. Nbd2 Nbd7 8. Qc2
e5 9. dxe5 dxe5 10. Nc4 Qc7 11. Rd1 Ne8 12. a4 h6 13. Be3 f5 14. Nh4 Kh7 15. g4
Nb6 16. Nxb6 axb6 17. gxf5 gxf5 18. Bh3 e4 19. f4 c5 20. Kh1 Be6 21. Rg1 Rf6
22. Rad1 Qf7 23. Qd2 Qh5 24. Qe1 Qf7 25. b4 cxb4 26. Bd4 bxc3 27. Bxc3 Rxa4 28.
Qg3 Ra3 29. Ra1 Rxc3 30. Qxc3 Rg6 31. Qa3 Bxa1 32. Nxg6 Bg7 33. Qb4 Nf6 34. Ne5
Qc7 35. Qd2 Nd5 36. Bxf5+ Bxf5 37. Qxd5 e3 38. Qg2 b5 39. h3 b4 40. Nc4 Qe7 41.
Kh2 b3 42. Qg3 Qf7 43. Nd6 1-0

[Event "4NCL Division 3"]
[Site "Puma Hotel, Hinckley Island E"]
[Date "2013.05.04"]
[Round "9.236"]
[White "Lee, Darren"]
[Black "Boumphrey, Luke S"]
[Result "1/2-1/2"]
[WhiteElo "1890"]
[BlackElo "1971"]
[PlyCount "55"]
[EventDate "2013.03.23"]
[Source "J.Saunders"]
[SourceDate "1998.06.06"]

1. Nf3 Nf6 2. c4 g6 3. b4 Bg7 4. Bb2 O-O 5. g3 d6 6. Bg2 e5 7. d3 c6 8. e4 Nbd7
9. O-O Re8 10. Re1 d5 11. exd5 cxd5 12. Nfd2 Nb6 13. c5 Nbd7 14. Na3 a5 15. Qb3
axb4 16. Qxb4 Qa5 17. Qxa5 Rxa5 18. Nb3 Ra6 19. Nb5 Rc6 20. Na7 Ra6 21. Nb5 Rc6
22. Rac1 Bf8 23. d4 e4 24. Na5 Ra6 25. Bc3 Rd8 26. Rb1 Nb8 27. Nc7 Ra7 28. Nb5
1/2-1/2

[Event "4NCL Division 3"]
[Site "Puma Hotel, Hinckley Island E"]
[Date "2013.05.04"]
[Round "9.246"]
[White "Homer, Neil S"]
[Black "Buttell, David"]
[Result "0-1"]
[WhiteElo "1606"]
[BlackElo "1848"]
[PlyCount "108"]
[EventDate "2013.03.23"]
[Source "J.Saunders"]
[SourceDate "1998.06.06"]

1. Nf3 Nf6 2. c4 c5 3. Nc3 Nc6 4. g3 g6 5. Bg2 Bg7 6. O-O O-O 7. d4 cxd4 8.
Nxd4 Nxd4 9. Qxd4 d6 10. Qd3 Rb8 11. e4 Bd7 12. h3 Bc6 13. Be3 a6 14. a4 Qd7
15. a5 Rfc8 16. Kh2 Qe8 17. Rfc1 Nd7 18. Qe2 Nc5 19. Bxc5 dxc5 20. Nd5 e6 21.
Nb6 Rd8 22. Rd1 Rxd1 23. Rxd1 Rd8 24. b3 Bc3 25. Rxd8 Qxd8 26. Qa2 Qd4 27. f3
Qe3 28. h4 Qe1 29. f4 Bxe4 30. Bxe4 Qxe4 31. Qg2 Qxg2+ 32. Kxg2 Bxa5 33. Nd7
Bb4 34. Nf6+ Kg7 35. Ne8+ Kf8 36. Nd6 b6 37. Kf3 Ba5 38. Ne4 Ke7 39. g4 f5 40.
gxf5 exf5 41. Nf2 Be1 42. Nd3 Bxh4 43. b4 Kd6 44. bxc5+ bxc5 45. Nb2 Bf6 46.
Na4 Kc6 47. Ke3 h6 48. Kf3 g5 49. fxg5 hxg5 50. Kg3 Be5+ 51. Kf3 g4+ 52. Kg2 f4
53. Kf2 f3 54. Kf1 Bd4 0-1

[Event "4NCL Division 3"]
[Site "Puma Hotel, Hinckley Island E"]
[Date "2013.05.04"]
[Round "9.247"]
[White "Rumsey, Victor B"]
[Black "Lavelle, Terry WT"]
[Result "1/2-1/2"]
[WhiteElo "1885"]
[BlackElo "1562"]
[PlyCount "58"]
[EventDate "2013.03.23"]
[Source "J.Saunders"]
[SourceDate "1998.06.06"]

1. d4 d5 2. c4 e6 3. Nf3 c5 4. cxd5 exd5 5. g3 Nc6 6. Bg2 Nf6 7. O-O Be7 8. Nc3
O-O 9. dxc5 Bxc5 10. a3 Be6 11. b4 Be7 12. Bb2 Rc8 13. Rc1 Qd7 14. e3 Rfd8 15.
Nd4 Bh3 16. Nxc6 bxc6 17. Na4 Bxg2 18. Kxg2 Ne4 19. Bd4 Ng5 20. Nc5 Qh3+ 21.
Kg1 Rd6 22. f4 Rh6 23. Rf2 Bxc5 24. Rxc5 Ne4 25. Rcc2 Nxf2 26. Rxf2 Qd7 27. Qa4
Rc7 28. Rc2 Qg4 29. Rf2 Qd7 1/2-1/2

[Event "4NCL Division 3"]
[Site "Puma Hotel, Hinckley Island E"]
[Date "2013.05.04"]
[Round "9.255"]
[White "Paul, Barnaby J"]
[Black "Reuben, Stewart"]
[Result "0-1"]
[WhiteElo "1629"]
[BlackElo "2068"]
[PlyCount "70"]
[EventDate "2013.03.23"]
[Source "J.Saunders"]
[SourceDate "1998.06.06"]

1. c4 Nf6 2. Nc3 e6 3. g3 d5 4. cxd5 exd5 5. d4 c6 6. Bg2 Bf5 7. Nf3 Bd6 8. Qb3
Qb6 9. Qxb6 axb6 10. O-O Nbd7 11. b3 O-O 12. Be3 Ba3 13. Bc1 b5 14. Nh4 Be6 15.
f4 Nb6 16. Nf3 Ra6 17. Ne5 Bf5 18. Bxa3 Rxa3 19. Rfc1 Rfa8 20. b4 Ne4 21. Nxe4
Bxe4 22. Bxe4 dxe4 23. Rc2 h5 24. Kf2 Nd5 25. Rb2 R8a4 26. Nd7 Rxb4 27. Rab1
Rxd4 28. Nc5 Nc3 29. Rb4 Rxb4 30. Rxb4 Rxa2 31. Nxe4 Rxe2+ 32. Kf3 Rxe4 33.
Rxe4 Nxe4 34. Kxe4 Kf8 35. Ke5 Ke7 0-1

[Event "4NCL Division 3"]
[Site "Puma Hotel, Hinckley Island E"]
[Date "2013.05.04"]
[Round "9"]
[White "Majer, Chris E"]
[Black "Smith, Patrick L"]
[Result "0-1"]
[WhiteElo "2017"]
[BlackElo "1795"]
[PlyCount "96"]
[EventDate "2013.03.23"]
[Source "J.Saunders"]
[SourceDate "1998.06.06"]

1. e4 d6 2. d4 Nf6 3. Nc3 e5 4. Nf3 exd4 5. Nxd4 g6 6. Bg5 Bg7 7. Qd2 O-O 8.
Bh6 Re8 9. f3 Nxe4 10. Nxe4 Qh4+ 11. g3 Qxh6 12. O-O-O Qxd2+ 13. Rxd2 Rxe4 14.
fxe4 Bh6 15. Bc4 Bh3 16. Re1 Nd7 17. Be2 Ne5 18. Nf3 Re8 19. Kd1 Ng4 20. Bd3
Ne3+ 21. Ke2 d5 22. e5 Bg4 23. Kf2 Bxf3 24. Kxf3 Rxe5 25. Rde2 d4 26. g4 Bg5
27. h3 Re6 28. b3 Rf6+ 29. Kg3 Bf4+ 30. Kf2 Bh2+ 31. Bf5 gxf5 32. g5 Rg6 33.
Kf3 Bd6 34. Rg1 f6 35. Rd2 c5 36. c3 Be5 37. cxd4 cxd4 38. h4 h6 39. Rc1 fxg5
40. Rc5 g4+ 41. Ke2 g3 42. Kf3 g2 43. Rxg2 Nxg2 44. Rxe5 Nxh4+ 45. Ke2 Kf7 46.
Rd5 Re6+ 47. Kd3 Ke7 48. Rxd4 Rd6 0-1

[Event "4NCL Division 3"]
[Site "Puma Hotel, Hinckley Island E"]
[Date "2013.05.04"]
[Round "9.2"]
[White "Adebajo, Olufemi"]
[Black "Anilkumar, Anantha P (jnr)"]
[Result "1/2-1/2"]
[WhiteElo "1963"]
[BlackElo "1597"]
[PlyCount "82"]
[EventDate "2013.03.23"]
[Source "J.Saunders"]
[SourceDate "1998.06.06"]

1. e4 c5 2. Nf3 d6 3. Nc3 Nf6 4. d4 cxd4 5. Qxd4 Nc6 6. Bb5 Bd7 7. Bxc6 Bxc6 8.
Bg5 e6 9. O-O-O Be7 10. Rhe1 O-O 11. Kb1 d5 12. exd5 Nxd5 13. Ne4 Bxg5 14.
Nexg5 h6 15. Nh3 Qb6 16. Qe5 Rfe8 17. c4 f6 18. Qd4 e5 19. Qd2 Ne7 20. Qc3 Rad8
21. g4 Bxf3 22. Qxf3 Rd4 23. Rxd4 Qxd4 24. b3 Rd8 25. Ng1 Ng6 26. Ne2 Qd2 27.
Qc3 Rd3 28. Qxd2 Rxd2 29. Kc1 Rxa2 30. Kb1 Rd2 31. Kc1 Rd7 32. Rd1 Rxd1+ 33.
Kxd1 Kf7 34. Ng3 Ne7 35. Ne4 b6 36. f3 Ke6 37. Kd2 Nc6 38. Kd3 Nd4 39. Nd2 Kd6
40. b4 Kc6 41. f4 Kd6 1/2-1/2

[Event "4NCL Division 3"]
[Site "Puma Hotel, Hinckley Island E"]
[Date "2013.05.04"]
[Round "9.3"]
[White "Cramling Bellon, Ana"]
[Black "Elwin, Adrian G"]
[Result "0-1"]
[WhiteElo "1508"]
[BlackElo "1974"]
[PlyCount "92"]
[EventDate "2013.03.23"]
[Source "J.Saunders"]
[SourceDate "1998.06.06"]

1. e4 c6 2. d4 d5 3. exd5 cxd5 4. Nf3 Nf6 5. Nc3 Bg4 6. Be2 e6 7. Ne5 Bxe2 8.
Nxe2 Nc6 9. O-O Qc7 10. Bf4 Bd6 11. Nxc6 bxc6 12. Bxd6 Qxd6 13. Ng3 O-O 14. c3
c5 15. Qd2 cxd4 16. cxd4 Ne4 17. Nxe4 dxe4 18. Qe3 Qd5 19. a3 f5 20. Rad1 Rad8
21. Qf4 Qd6 22. Qxd6 Rxd6 23. Rfe1 Rfd8 24. f3 exf3 25. gxf3 Kf7 26. Re5 Rxd4
27. Rxd4 Rxd4 28. Rb5 Ke7 29. Rb7+ Rd7 30. Rxd7+ Kxd7 31. Kf2 Kd6 32. Ke3 e5
33. Kd3 Kc5 34. Kc3 g5 35. Kd3 h5 36. h3 Kd5 37. Ke2 Kc4 38. Kd2 Kb3 39. Kc1 a5
40. a4 Kxa4 41. Kc2 Kb4 42. b3 g4 43. fxg4 fxg4 44. hxg4 hxg4 45. Kb2 g3 46.
Ka2 g2 0-1

[Event "4NCL Division 3"]
[Site "Puma Hotel, Hinckley Island E"]
[Date "2013.05.04"]
[Round "9.89"]
[White "Lehner, Oliver"]
[Black "Wadsworth, James MF"]
[Result "1-0"]
[WhiteElo "2453"]
[BlackElo "1664"]
[PlyCount "39"]
[EventDate "2013.03.23"]
[Source "J.Saunders"]
[SourceDate "1998.06.06"]

1. Nf3 Nf6 2. c4 c5 3. Nc3 Nc6 4. g3 d6 5. d4 Bg4 6. d5 Bxf3 7. exf3 Ne5 8. f4
Ned7 9. f5 Nb6 10. Bd3 Qd7 11. a4 e6 12. a5 Nc8 13. Bc2 Kd8 14. Ba4 Qe7 15.
dxe6 fxe6 16. O-O exf5 17. Bg5 Qf7 18. Qf3 Rb8 19. Qxf5 Ne7 20. Bxf6 1-0

[Event "4NCL Division 3"]
[Site "Puma Hotel, Hinckley Island E"]
[Date "2013.05.04"]
[Round "9.91"]
[White "Jones, Jeremy J"]
[Black "Neatherway, A Philip"]
[Result "0-1"]
[WhiteElo "1622"]
[BlackElo "1859"]
[PlyCount "44"]
[EventDate "2013.03.23"]
[Source "J.Saunders"]
[SourceDate "1998.06.06"]

1. d4 Nf6 2. c4 c5 3. d5 e6 4. Nc3 exd5 5. Nxd5 Nxd5 6. cxd5 d6 7. Nf3 g6 8.
Bd2 Bg7 9. Qc2 O-O 10. e3 Re8 11. Bd3 a6 12. a4 Nd7 13. O-O Nf6 14. e4 Bg4 15.
Ne1 Bd7 16. Bf4 Qe7 17. f3 Nh5 18. Bd2 Bd4+ 19. Kh1 Qh4 20. Bf4 Qxf4 21. g3 Qh6
22. Qb3 Nxg3+ 0-1

[Event "4NCL Division 3"]
[Site "Puma Hotel, Hinckley Island E"]
[Date "2013.05.04"]
[Round "9.90"]
[White "Terry, Sean"]
[Black "Williamson, Roger G"]
[Result "1/2-1/2"]
[WhiteElo "1908"]
[BlackElo "2148"]
[PlyCount "58"]
[EventDate "2013.03.23"]
[Source "J.Saunders"]
[SourceDate "1998.06.06"]

1. e4 e5 2. Nf3 Nc6 3. Bb5 a6 4. Ba4 Nf6 5. d3 d6 6. c3 g6 7. Nbd2 Bg7 8. O-O
O-O 9. b4 b5 10. Bb3 a5 11. bxa5 Nxa5 12. Bc2 Rb8 13. d4 exd4 14. Nxd4 c5 15.
Ne2 Re8 16. f3 d5 17. Nb3 Nxb3 18. axb3 dxe4 19. Qxd8 Rxd8 20. fxe4 Ng4 21. h3
Ne5 22. Bf4 Be6 23. Rfd1 Rxd1+ 24. Bxd1 h6 25. Bc2 Rc8 26. Ra5 Bd7 27. Kf2 g5
28. Be3 c4 29. b4 Nd3+ 1/2-1/2

[Event "4NCL Division 3"]
[Site "Puma Hotel, Hinckley Island E"]
[Date "2013.05.05"]
[Round "10.55"]
[White "Hackner, Oskar A"]
[Black "Hill, Alistair"]
[Result "0-1"]
[WhiteElo "2028"]
[BlackElo "2132"]
[PlyCount "66"]
[EventDate "2013.03.23"]
[Source "J.Saunders"]
[SourceDate "1998.06.06"]

1. d4 Nf6 2. c4 g6 3. Nc3 d5 4. Bg5 Ne4 5. Bf4 Nxc3 6. bxc3 Bg7 7. e3 c5 8. Nf3
O-O 9. Be2 Nc6 10. O-O dxc4 11. Bxc4 Bg4 12. Rb1 Rc8 13. Be2 Qd7 14. Qb3 cxd4
15. cxd4 b6 16. Ba6 Rcd8 17. Rbc1 Bxf3 18. gxf3 e5 19. Bb5 exf4 20. Bxc6 Qe7
21. Kh1 Rd6 22. Rc4 Rfd8 23. Rfc1 Qh4 24. Qc2 g5 25. Qf5 Rh6 26. h3 fxe3 27.
fxe3 Qg3 28. Bd7 Rxd7 29. Qxd7 Rxh3+ 30. Qxh3 Qxh3+ 31. Kg1 Qg3+ 32. Kh1 Qxf3+
33. Kh2 Qxe3 0-1

[Event "4NCL Division 3"]
[Site "Puma Hotel, Hinckley Island E"]
[Date "2013.05.05"]
[Round "10.57"]
[White "Molofej, Denis"]
[Black "Beckett, Chris J"]
[Result "1-0"]
[WhiteElo "2035"]
[BlackElo "2106"]
[PlyCount "163"]
[EventDate "2013.03.23"]
[Source "J.Saunders"]
[SourceDate "1998.06.06"]

1. e4 e6 2. d4 d5 3. Nd2 Nf6 4. Bd3 c5 5. c3 Nc6 6. Ngf3 cxd4 7. cxd4 dxe4 8.
Nxe4 Bb4+ 9. Bd2 O-O 10. O-O Be7 11. Be3 Nd5 12. Qe2 f5 13. Nc3 Bf6 14. Rad1
Kh8 15. Bc4 a6 16. Ne5 Nxc3 17. bxc3 Bxe5 18. dxe5 Qa5 19. f4 b5 20. Bb3 Qc7
21. Rd6 Nd8 22. Bb6 Qe7 23. Rfd1 Nf7 24. Rc6 Qb7 25. Bc5 Qxc6 26. Bxf8 Bb7 27.
Bd6 Re8 28. c4 bxc4 29. Bxc4 g6 30. Bb3 Qb6+ 31. Qf2 Qc6 32. Ba3 Rc8 33. h4 Nh6
34. Rd6 Qe4 35. Rd4 Qb1+ 36. Qf1 Qxf1+ 37. Kxf1 Bd5 38. Bxd5 Rd8 39. Bd6 exd5
40. Rxd5 Nf7 41. Ke2 h6 42. Kd3 g5 43. hxg5 hxg5 44. g3 Kg7 45. Kc4 Kg6 46. Bc7
Rc8 47. Rc5 gxf4 48. gxf4 Nd8 49. Bxd8 Rxd8 50. Rc6+ Kf7 51. Rxa6 Rd2 52. a4
Ke7 53. Rf6 Ra2 54. Kb3 Ra1 55. Rxf5 Rb1+ 56. Kc4 Ra1 57. Kb5 Rb1+ 58. Ka6 Ke6
59. Rf6+ Kd5 60. a5 Kc5 61. Rf8 Kc6 62. e6 Kd6 63. f5 Ke7 64. Rf7+ Kd6 65. Rd7+
Kc6 66. Rd2 Rb8 67. Rc2+ Kd6 68. Ka7 Rb5 69. Rd2+ Kc7 70. Rd7+ Kc8 71. Rf7 Kd8
72. Ka6 Re5 73. Kb6 Ke8 74. a6 Re1 75. a7 Rb1+ 76. Kc6 Rc1+ 77. Kd6 Ra1 78. Rh7
Ra6+ 79. Ke5 Kf8 80. a8=Q+ Rxa8 81. Rh8+ Ke7 82. f6# 1-0

[Event "4NCL Division 3"]
[Site "Puma Hotel, Hinckley Island E"]
[Date "2013.05.05"]
[Round "10.58"]
[White "Robertson, J Stuart"]
[Black "Jones, Steven A"]
[Result "1-0"]
[WhiteElo "2049"]
[BlackElo "2025"]
[PlyCount "51"]
[EventDate "2013.03.23"]
[Source "J.Saunders"]
[SourceDate "1998.06.06"]

1. d4 Nf6 2. c4 e6 3. Nc3 c5 4. d5 exd5 5. cxd5 Bd6 6. g3 O-O 7. Bg2 Bc7 8. Nf3
Ba5 9. O-O Bxc3 10. bxc3 d6 11. a4 b6 12. Nd2 Na6 13. e4 Re8 14. Re1 Rb8 15.
Nc4 Ng4 16. f4 b5 17. axb5 Nc7 18. Na5 Rxb5 19. Nc6 Qd7 20. e5 dxe5 21. fxe5
Qf5 22. Bf4 Bb7 23. h3 Nh6 24. d6 Bxc6 25. Bxc6 Rb2 26. dxc7 1-0

[Event "4NCL Division 3"]
[Site "Puma Hotel, Hinckley Island E"]
[Date "2013.05.05"]
[Round "10.60"]
[White "McClement, Andrew"]
[Black "Slinger, AJ (Tony)"]
[Result "1-0"]
[WhiteElo "2128"]
[BlackElo "1976"]
[PlyCount "97"]
[EventDate "2013.03.23"]
[Source "J.Saunders"]
[SourceDate "1998.06.06"]

1. e4 c5 2. Nf3 d6 3. d4 cxd4 4. Nxd4 Nf6 5. Nc3 a6 6. Be3 e5 7. Nb3 Be6 8. f3
h5 9. Qd2 Nbd7 10. O-O-O Be7 11. h3 b5 12. Kb1 Qc7 13. Rg1 Nb6 14. Qf2 Rb8 15.
g4 hxg4 16. hxg4 Nc4 17. Bc1 b4 18. Ne2 a5 19. g5 Nd7 20. f4 a4 21. f5 Na3+ 22.
bxa3 Bxb3 23. cxb3 axb3 24. axb3 bxa3 25. Bxa3 Rxb3+ 26. Bb2 Nc5 27. Rg4 Qb7
28. Nc1 Nxe4 29. Rxe4 Qxe4+ 30. Bd3 Qg4 31. Rg1 Rxb2+ 32. Kxb2 Qb4+ 33. Nb3 d5
34. Qa7 Rh2+ 35. Bc2 d4 36. Qa8+ Kd7 37. Qd5+ Ke8 38. Qa8+ Kd7 39. Qd5+ Ke8 40.
Qc6+ Kd8 41. Ra1 Qc3+ 42. Qxc3 dxc3+ 43. Kxc3 Bxg5 44. Ra7 g6 45. fxg6 fxg6 46.
Bxg6 Rh4 47. Na5 Bf4 48. Nc6+ Kc8 49. Bf5# 1-0

[Event "4NCL Division 3"]
[Site "Puma Hotel, Hinckley Island E"]
[Date "2013.05.05"]
[Round "10.65"]
[White "Lunn, Timothy"]
[Black "Cenal Gutierrez, Ruben"]
[Result "1/2-1/2"]
[WhiteElo "2059"]
[BlackElo "2233"]
[PlyCount "134"]
[EventDate "2013.03.23"]
[Source "J.Saunders"]
[SourceDate "1998.06.06"]

1. d4 d5 2. c4 c6 3. Nf3 Nf6 4. Nc3 e6 5. e3 dxc4 6. Bxc4 b5 7. Bd3 Bb7 8. O-O
Nbd7 9. a3 Bd6 10. Qc2 a6 11. b4 O-O 12. h3 Qe7 13. Ng5 a5 14. bxa5 Rxa5 15.
Nxh7 Rfa8 16. Nxf6+ Nxf6 17. Ne4 Nxe4 18. Bxe4 b4 19. a4 e5 20. Bf3 exd4 21.
exd4 c5 22. Bxb7 Qxb7 23. Bb2 Qd5 24. dxc5 Qxc5 25. Qb3 Qf5 26. Qe3 R8a6 27.
Rfc1 Bc5 28. Bd4 Re6 29. Qd2 Rd6 30. Rxc5 Rxc5 31. Qxb4 Rcd5 32. Be3 Qe5 33.
Re1 Rd1 34. g3 Qa1 35. Qxd6 Rxe1+ 36. Kg2 Rd1 37. Qb8+ Kh7 38. Qb4 Rg1+ 39. Kf3
Qd1+ 40. Kf4 Qd5 41. Qe4+ Qxe4+ 42. Kxe4 Ra1 43. g4 Rxa4+ 44. Kf3 Kg6 45. Kg3
Kf6 46. h4 Ke5 47. Bc1 Rb4 48. h5 f5 49. gxf5 Kxf5 50. h6 g5 51. h7 Rg4+ 52.
Kf3 Rh4 53. Ba3 Rxh7 54. Bd6 g4+ 55. Kg2 Rd7 56. Bc5 Rd5 57. Bb6 Rb5 58. Ba7
Rb7 59. Bc5 Kf4 60. Be3+ Ke4 61. Kg3 Kf5 62. Kg2 Rb3 63. Bc5 Rf3 64. Bb6 Ke4
65. Bc5 Kd3 66. Bb6 Ke2 67. Bc5 Rxf2+ 1/2-1/2

[Event "4NCL Division 3"]
[Site "Puma Hotel, Hinckley Island E"]
[Date "2013.05.05"]
[Round "10.66"]
[White "Mackle, Dominic"]
[Black "LeMoir, David A"]
[Result "1/2-1/2"]
[WhiteElo "2230"]
[BlackElo "2064"]
[PlyCount "60"]
[EventDate "2013.03.23"]
[Source "J.Saunders"]
[SourceDate "1998.06.06"]

1. d4 d5 2. c4 Nc6 3. Nf3 Bg4 4. cxd5 Bxf3 5. dxc6 Bxc6 6. Nc3 e6 7. a3 Qh4 8.
e4 O-O-O 9. g3 Qf6 10. Be3 Bc5 11. e5 Qe7 12. Rg1 f6 13. Qg4 f5 14. Qf4 g5 15.
Qxg5 Bxd4 16. O-O-O Bxc3 17. Rxd8+ Kxd8 18. bxc3 h6 19. Qh4 Qxh4 20. gxh4 Ne7
21. Rg7 b6 22. c4 Ke8 23. Be2 Kf8 24. Rg3 Be8 25. h5 Nc6 26. f4 Rh7 27. Kc2 Na5
28. c5 Nb7 29. Bc4 Nd8 30. Be2 Nb7 1/2-1/2

[Event "4NCL Division 3"]
[Site "Puma Hotel, Hinckley Island E"]
[Date "2013.05.05"]
[Round "10.67"]
[White "Myall, Ivan J"]
[Black "Ociepka, Adrian"]
[Result "0-1"]
[WhiteElo "2078"]
[BlackElo "2146"]
[PlyCount "109"]
[EventDate "2013.03.23"]
[Source "J.Saunders"]
[SourceDate "1998.06.06"]

1. e4 d6 2. d4 Nf6 3. Nc3 g6 4. f4 Bg7 5. Nf3 O-O 6. Bd3 c5 7. d5 Na6 8. O-O
Rb8 9. a4 Nc7 10. Qe1 a6 11. a5 b5 12. axb6 Rxb6 13. Na4 Rb8 14. c4 e6 15. Qh4
exd5 16. exd5 Nd7 17. Qxd8 Rxd8 18. f5 Re8 19. fxg6 hxg6 20. Bf4 Ne5 21. Nxe5
Bxe5 22. Bxe5 Rxe5 23. Rae1 Rxe1 24. Rxe1 Kf8 25. Re2 Ne8 26. Nc3 f5 27. g4 Kf7
28. Rf2 Ng7 29. Ne4 Ke7 30. Ng5 Kf6 31. h4 Rb3 32. Rf3 Rxb2 33. Nh7+ Ke5 34.
Nf8 fxg4 35. Nxg6+ Kd4 36. Rf8 Kxd3 37. Rxc8 a5 38. Nf4+ Ke4 39. Ne6 Nf5 40. h5
g3 41. Rg8 Kf3 42. Ng5+ Ke3 43. Re8+ Kd3 44. Re1 Kxc4 45. Ne4 Kxd5 46. h6 Nxh6
47. Nxg3 a4 48. Rd1+ Kc6 49. Ne4 Nf5 50. Nc3 Nd4 51. Ra1 Ne2+ 52. Nxe2 Rxe2 53.
Rxa4 Kb5 54. Ra8 d5 55. Kf1 0-1

[Event "4NCL Division 3"]
[Site "Puma Hotel, Hinckley Island E"]
[Date "2013.05.05"]
[Round "10.68"]
[White "Walker, Nicholas P"]
[Black "Gregory, Stephen J"]
[Result "1/2-1/2"]
[WhiteElo "2165"]
[BlackElo "2052"]
[PlyCount "74"]
[EventDate "2013.03.23"]
[Source "J.Saunders"]
[SourceDate "1998.06.06"]

1. c4 Nf6 2. g3 d6 3. Bg2 e5 4. Nc3 g6 5. d4 Nbd7 6. Nf3 Bg7 7. O-O exd4 8.
Nxd4 O-O 9. h3 Re8 10. Be3 h6 11. b4 Ne5 12. Qb3 c5 13. bxc5 dxc5 14. Nf3 Nxf3+
15. exf3 Qe7 16. Rad1 b6 17. Bf4 Rd8 18. Nb5 Rxd1 19. Rxd1 Bb7 20. Bd6 Qe2 21.
Bf4 Nh5 22. Rd7 Nxf4 23. gxf4 Bc6 24. Bf1 Qxf3 25. Qxf3 Bxf3 26. Bg2 Bxg2 27.
Kxg2 a6 28. Nd6 f5 29. a4 Bf8 30. Kf3 Rb8 31. Nf7 b5 32. axb5 axb5 33. cxb5
Rxb5 34. Ne5 Rb3+ 35. Kg2 g5 36. Rd8 Kg7 37. Rd7+ Kg8 1/2-1/2

[Event "4NCL Division 3"]
[Site "Puma Hotel, Hinckley Island E"]
[Date "2013.05.05"]
[Round "10.69"]
[White "Gray, Mark S"]
[Black "Chin, Francis CW"]
[Result "1-0"]
[WhiteElo "2074"]
[BlackElo "2164"]
[PlyCount "131"]
[EventDate "2013.03.23"]
[Source "J.Saunders"]
[SourceDate "1998.06.06"]

1. e4 e6 2. d4 d5 3. Nd2 c5 4. exd5 exd5 5. Bb5+ Nc6 6. Ngf3 Bd6 7. dxc5 Bxc5
8. O-O Nge7 9. Nb3 Bd6 10. Re1 O-O 11. Bg5 Bg4 12. h3 Bh5 13. Bxc6 bxc6 14.
Nbd4 Qc7 15. Bxe7 Bxe7 16. Nxc6 Bf6 17. Qxd5 Bxf3 18. Qxf3 Rac8 19. Nb4 Bxb2
20. Rab1 Bc3 21. Nd5 Qa5 22. Ne7+ Kh8 23. Nxc8 Bxe1 24. Nd6 Kg8 25. a3 Qe5 26.
Nc4 Qe6 27. Ne3 Bd2 28. Rd1 Bxe3 29. Qxe3 Qxe3 30. fxe3 g6 31. Rd7 Rc8 32. Kf2
Rxc2+ 33. Kf3 Kg7 34. Rxa7 Ra2 35. g3 h5 36. h4 Kf6 37. a4 Ra1 38. a5 Rf1+ 39.
Ke4 Rg1 40. Ra6+ Ke7 41. Kf3 Rf1+ 42. Ke2 Ra1 43. Ra8 Ke6 44. Kf3 Rf1+ 45. Ke2
Rg1 46. a6 Ra1 47. e4 Kf6 48. Ke3 Re1+ 49. Kd4 Rd1+ 50. Kc5 Rc1+ 51. Kb6 Rb1+
52. Kc7 Rc1+ 53. Kb7 Rb1+ 54. Kc7 Rc1+ 55. Kb7 Rb1+ 56. Kc6 Rc1+ 57. Kb6 Rb1+
58. Ka7 Rb3 59. Rb8 Rxg3 60. Rb5 Rg4 61. Kb7 Rxe4 62. a7 Re7+ 63. Ka6 Rxa7+ 64.
Kxa7 Ke6 65. Ka6 f5 66. Rb6+ 1-0

[Event "4NCL Division 3"]
[Site "Puma Hotel, Hinckley Island E"]
[Date "2013.05.05"]
[Round "10.70"]
[White "Reid, John"]
[Black "Wallis, Ian J"]
[Result "1-0"]
[WhiteElo "2063"]
[BlackElo "2021"]
[PlyCount "87"]
[EventDate "2013.03.23"]
[Source "J.Saunders"]
[SourceDate "1998.06.06"]

1. d4 Nc6 2. Nf3 d6 3. d5 Nb8 4. e4 g6 5. Be2 Bg7 6. O-O Nf6 7. Nc3 O-O 8. Re1
Nbd7 9. Nd4 Nc5 10. Bf3 e5 11. dxe6 Nxe6 12. Be3 Re8 13. Qd2 Nxd4 14. Bxd4 Bd7
15. e5 dxe5 16. Bxe5 c6 17. Rad1 Be6 18. Qf4 Nd7 19. Bxg7 Kxg7 20. Ne4 Bd5 21.
Nd6 Rxe1+ 22. Rxe1 Qf6 23. Qxf6+ Kxf6 24. Bxd5 cxd5 25. f4 Nc5 26. g4 Ne6 27.
f5 Nd4 28. Kg2 Rd8 29. Ne8+ Kg5 30. c3 Nc2 31. Kg3 gxf5 32. Re5 h6 33. h4+ Kg6
34. gxf5+ Kh7 35. Nf6+ Kg7 36. Nh5+ Kf8 37. Re2 Na1 38. Rd2 Ke7 39. Kf4 Kd6 40.
Nf6 Kc5 41. Ke5 b5 42. Nxd5 Re8+ 43. Kf4 Nc2 44. Nf6 1-0

[Event "4NCL Division 3"]
[Site "Puma Hotel, Hinckley Island E"]
[Date "2013.05.05"]
[Round "10.75"]
[White "Lim, Zhuo Ren"]
[Black "Mordue, A Tyson"]
[Result "1-0"]
[WhiteElo "2164"]
[BlackElo "2256"]
[PlyCount "59"]
[EventDate "2013.03.23"]
[Source "J.Saunders"]
[SourceDate "1998.06.06"]

1. Nf3 d6 2. d4 Nf6 3. c4 g6 4. g3 Bg7 5. Bg2 O-O 6. O-O Nbd7 7. Nc3 e5 8. e4
c6 9. h3 a5 10. Be3 exd4 11. Nxd4 Nc5 12. Qc2 Re8 13. Rad1 a4 14. Nxc6 bxc6 15.
Bxc5 Bf8 16. Ba3 Qc7 17. Nxa4 h5 18. b3 Be6 19. Rfe1 Rad8 20. Bb2 Bg7 21. Bd4
c5 22. Bc3 Bd7 23. Nb2 Bc6 24. Rd2 Re6 25. Rde2 Rde8 26. Nd1 Qe7 27. Ne3 Bxe4
28. Bxe4 Nxe4 29. Bxg7 Kxg7 30. Nd5 1-0

[Event "4NCL Division 3"]
[Site "Puma Hotel, Hinckley Island E"]
[Date "2013.05.05"]
[Round "10.76"]
[White "Truran, Michael C"]
[Black "Graham, David B"]
[Result "1/2-1/2"]
[WhiteElo "2183"]
[BlackElo "2174"]
[PlyCount "66"]
[EventDate "2013.03.23"]
[Source "J.Saunders"]
[SourceDate "1998.06.06"]

1. d4 Nf6 2. c4 g6 3. Nc3 Bg7 4. Nf3 d6 5. Bf4 O-O 6. e3 Nbd7 7. Be2 b6 8. O-O
Bb7 9. h3 Ne4 10. Nxe4 Bxe4 11. Nd2 Bb7 12. Bf3 Bxf3 13. Nxf3 e5 14. Bg3 Qe7
15. Rc1 e4 16. Nd2 c5 17. Nb1 cxd4 18. exd4 f5 19. Qd2 Qf6 20. Nc3 Qxd4 21.
Qxd4 Bxd4 22. Bxd6 Rf6 23. Bf4 Bxc3 24. Rxc3 Nc5 25. Bg5 Rf7 26. g3 Rc8 27. b3
Rd7 28. Be3 Nd3 29. a4 Kg7 30. Rc2 Kf6 31. h4 Ke5 32. Re2 Ke6 33. a5 bxa5
1/2-1/2